Online
Catalog

Moral y civismo / (Record no. 782)

MARC details
000 -CABECERA
campo de control de longitud fija 02294nam a2200301 a 4500
001 - NÚMERO DE CONTROL
campo de control 000000786
003 - IDENTIFICADOR DEL NÚMERO DE CONTROL
campo de control DO-SdBNP
005 - FECHA Y HORA DE LA ÚLTIMA TRANSACCIÓN
campo de control 20260220125009.0
008 - DATOS DE LONGITUD FIJA--INFORMACIÓN GENERAL
campo de control de longitud fija 090509s2001 dr 001 0 spa d
040 ## - FUENTE DE LA CATALOGACIÓN
Centro catalogador/agencia de origen DO-SdBNP
Lengua de catalogación spa
Centro/agencia transcriptor BNPHU
082 ## - NÚMERO DE LA CLASIFICACIÓN DECIMAL DEWEY
Número de clasificación 303.372
Número de documento/Ítem S583m
100 1# - ENTRADA PRINCIPAL--NOMBRE DE PERSONA
Nombre de persona Silié Gatón, José A.,
Fechas asociadas al nombre 1920-2014
9 (RLIN) 747
245 10 - MENCIÓN DE TÍTULO
Título Moral y civismo /
Mención de responsabilidad, etc. José A. Silié Gatón.
260 ## - PUBLICACIÓN, DISTRIBUCIÓN, ETC.
Lugar de publicación, distribución, etc. Santo Domingo :
Nombre del editor, distribuidor, etc. Librería La Filantrópica,
Fecha de publicación, distribución, etc. 2001.
300 ## - DESCRIPCIÓN FÍSICA
Extensión 187 p. ;
Dimensiones 22 cm.
504 ## - NOTA DE BIBLIOGRAFÍA, ETC.
Nota de bibliografía, etc. Bibliografía : p. 184
505 0# - NOTA DE CONTENIDO CON FORMATO
Título Introducción --
-- Educación --
-- La escuela --
-- La patria --
-- La bandera --
-- El escudo --
-- El himno nacional --
-- Civismo --
-- Soberanía --
-- Democracia --
-- Reverencia a nuestros héroes --
-- Libertad --
-- Ciudadanía --
-- Derechos ciudadanos --
-- Convivencia --
-- Educación doméstica --
-- Educación física --
-- El hogar --
-- Patria potestad --
-- Buenos modales --
-- El respeto --
-- Cuidado de la palabra --
-- La pulcritud --
-- Ocupación del joven --
-- Conducta en la calle --
-- Amistad --
-- Caridad --
-- Honradez --
-- Honestidad --
-- Cortesía --
-- Pudor --
-- La corrección --
-- La comunicación social --
-- Trabajo --
-- Relaciones sexuales extramaritales --
-- Defensa del medio ambiente --
-- Justicia y paz --
-- Las drogas y la violencia --
-- Garantía ciudadana --
-- Responsabilidad penal y civil de los padres --
-- La Nación --
-- Las principales ciudades --
-- El Estado --
-- La República --
-- La Constitución --
-- Poder público --
-- La autoridad --
-- Poder ejecutivo --
-- Poder legislativo --
-- Poder judicial --
-- El derecho --
-- La ley --
-- El derecho --
-- El reglamento --
-- La política --
-- Asambleas electorales --
-- El sufragio --
-- Obediencia al poder civil --
-- El estado y los recursos económicos --
-- Los impuestos --
-- Bienes del estado --
-- Orden público --
-- Cuerpos policiales --
-- 50 consejos útiles --
-- La oración del general Mac Arthur --
-- Bibliografía.
590 ## - NOTA LOCAL (RLIN)
Nota local Inventariado, 2018/BT
650 #7 - PUNTO DE ACCESO ADICIONAL DE MATERIA--TÉRMINO DE MATERIA
Término de materia o nombre geográfico como elemento de entrada Educación moral
9 (RLIN) 1607
Fuente del encabezamiento o término LIBRUNAM
650 #7 - PUNTO DE ACCESO ADICIONAL DE MATERIA--TÉRMINO DE MATERIA
Término de materia o nombre geográfico como elemento de entrada Educación cívica
9 (RLIN) 1206
Fuente del encabezamiento o término LIBRUNAM
650 #4 - PUNTO DE ACCESO ADICIONAL DE MATERIA--TÉRMINO DE MATERIA
Término de materia o nombre geográfico como elemento de entrada Heráldica
9 (RLIN) 2728
650 #4 - PUNTO DE ACCESO ADICIONAL DE MATERIA--TÉRMINO DE MATERIA
Término de materia o nombre geográfico como elemento de entrada Educación en el hogar
9 (RLIN) 798
650 #0 - PUNTO DE ACCESO ADICIONAL DE MATERIA--TÉRMINO DE MATERIA
Término de materia o nombre geográfico como elemento de entrada Conducta de vida
9 (RLIN) 11947
Fuente del encabezamiento o término LIBRUNAM
650 #0 - PUNTO DE ACCESO ADICIONAL DE MATERIA--TÉRMINO DE MATERIA
Término de materia o nombre geográfico como elemento de entrada Valores (Filosofía)
9 (RLIN) 604
650 #4 - PUNTO DE ACCESO ADICIONAL DE MATERIA--TÉRMINO DE MATERIA
Término de materia o nombre geográfico como elemento de entrada Educación para la vida familiar
9 (RLIN) 2729
910 ## - DATOS DE OPCIÓN DEL USUARIO (OCLC)
Datos de opción del usuario Validado. Control de calidad. EMS
942 ## - ELEMENTOS DE PUNTO DE ACCESO ADICIONAL (KOHA)
Fuente del sistema de clasificación o colocación Dewey Decimal Classification
Tipo de ítem Koha Libro
Holdings
Estado de retiro Estado de pérdida Fuente del sistema de clasificación o colocación Restricciones de uso No para préstamo Código de colección Localización permanente Ubicación/localización actual Ubicación en estantería Fecha de adquisición Total de préstamos Signatura topográfica completa Código de barras Fecha visto por última vez Número de copia Precio válido a partir de Tipo de ítem Koha
    Dewey Decimal Classification Préstamo en sala Préstamo en sala Dominicana de Servicio Biblioteca Nacional Pedro Henríquez Ureña Biblioteca Nacional Pedro Henríquez Ureña Depósito 30.03.2011   BNPHU DS 303.372 S583m 786-30 25.06.2020 e. 3 25.06.2020 Libros y folletos
    Dewey Decimal Classification Préstamo en sala Préstamo en sala Dominicana de Servicio Biblioteca Nacional Pedro Henríquez Ureña Biblioteca Nacional Pedro Henríquez Ureña Depósito 22.02.2019   BNPHU DS 303.372 S583m 786-50 25.06.2020 e. 4 25.06.2020 Libros y folletos
    Dewey Decimal Classification Excluido de préstamo Préstamo restrigido Patrimonio Dominicano Biblioteca Nacional Pedro Henríquez Ureña Biblioteca Nacional Pedro Henríquez Ureña Depósito 26.08.2009   BNPHU PD 303.372 S583m 786-10 25.06.2020   25.06.2020 Libros y folletos
    Dewey Decimal Classification Préstamo restringido Préstamo restrigido Patrimonio Dominicano Biblioteca Nacional Pedro Henríquez Ureña Biblioteca Nacional Pedro Henríquez Ureña Depósito 11.02.2011   BNPHU PD 303.372 S583m 786-20 25.06.2020 e. 2 25.06.2020 Libros y folletos

Powered by Koha